សិក្សាភាសាខ្មែរ ថ្នាក់ទី៨ / (Record no. 6710)
[ view plain ]
| 000 -LEADER | |
|---|---|
| fixed length control field | 04151nam a22002417a 4500 |
| 001 - CONTROL NUMBER | |
| control field | 6710 |
| 003 - CONTROL NUMBER IDENTIFIER | |
| control field | FISKH |
| 005 - DATE AND TIME OF LATEST TRANSACTION | |
| control field | 20250521142708.0 |
| 008 - FIXED-LENGTH DATA ELEMENTS--GENERAL INFORMATION | |
| fixed length control field | 250521b cb ||||| |||| 00| 0 eng d |
| 020 ## - INTERNATIONAL STANDARD BOOK NUMBER | |
| International Standard Book Number | 9789996333385 |
| 040 ## - CATALOGING SOURCE | |
| Original cataloging agency | FISKH |
| Language of cataloging | khr |
| Transcribing agency | FISKH |
| Modifying agency | FISKH |
| 082 ## - DEWEY DECIMAL CLASSIFICATION NUMBER | |
| Classification number | 400 |
| 100 ## - MAIN ENTRY--PERSONAL NAME | |
| Personal name | Sokheng, Kong |
| 245 ## - TITLE STATEMENT | |
| Title | សិក្សាភាសាខ្មែរ ថ្នាក់ទី៨ / |
| Statement of responsibility, etc. | រៀបរៀងនិងចងក្រងដោយ គង់ សុខហេង |
| 250 ## - EDITION STATEMENT | |
| Edition statement | បោះពុម្ពលើកទី ១ |
| 260 ## - PUBLICATION, DISTRIBUTION, ETC. | |
| Place of publication, distribution, etc. | ភ្នំពេញ : |
| Name of publisher, distributor, etc. | ប៉ៃ ណែត , |
| Date of publication, distribution, etc. | ២០១៦ . |
| 300 ## - PHYSICAL DESCRIPTION | |
| Extent | 150 pages : |
| Other physical details | illustrations ; |
| Dimensions | 21 cm . |
| 520 ## - SUMMARY, ETC. | |
| Summary, etc. | The book (Khmer Language Studies, Grade 8), compiled by (Kong Sokheng), is an educational resource designed to enhance students' proficiency in the Khmer language at the eighth-grade level.<br/>This textbook encompasses a variety of topics aimed at improving students' reading, writing, and comprehension skills. It includes lessons on grammar, vocabulary, sentence structure, and literary analysis, providing a comprehensive approach to mastering the Khmer language.<br/>The content is structured to align with the national curriculum, ensuring that students acquire the necessary linguistic competencies to excel in their studies and effectively communicate in Khmer.<br/>For those interested in accessing the textbook, it is available for download in PDF format through the Ministry of Education, Youth, and Sports of Cambodia's official website. This resource serves as a valuable tool for both students and educators in the pursuit of linguistic excellence.<br/><br/><br/><br/> |
| 520 ## - SUMMARY, ETC. | |
| Summary, etc. | សៀវភៅ «សិក្សាភាសាខ្មែរ ថ្នាក់ទី៨» ដែលរៀបរៀងដោយ លោក គង់ សុខហេង គឺជាវិជ្ជាសៀវភៅមួយសម្រាប់ការអប់រំ ដែលមានគោលបំណងជួយបង្កើនសមត្ថភាពភាសាខ្មែរ របស់សិស្សថ្នាក់ទី៨។<br/><br/>សៀវភៅនេះរួមបញ្ចូលនូវមេរៀនជាច្រើន ដើម្បីអភិវឌ្ឍជំនាញក្នុងការអាន ការសរសេរ និងការយល់ដឹងអត្ថន័យ។ វាមានមេរៀនអំពី វេយ្យាករណ៍ សព្ទវិញ័យ រចនាសម្ព័ន្ធប្រយោគ និងការវិភាគអត្ថបទសាស្រ្ត ដែលជាផ្នែកសំខាន់មួយក្នុងការចេះដឹងភាសាខ្មែរយ៉ាងជ្រាលជ្រៅ។<br/><br/>មាតិកានៃសៀវភៅនេះត្រូវបានរៀបចំឲ្យស្របតាមកម្មវិធីសិក្សាជាតិ ដើម្បីធានាថា សិស្សអាចទទួលបានជំនាញភាសាដែលគ្រប់គ្រាន់សម្រាប់ការសិក្សា និងការប្រាស្រ័យទាក់ទងដោយប្រើភាសាខ្មែរយ៉ាងមានប្រសិទ្ធភាព។<br/><br/>សម្រាប់អ្នកដែលមានចំណាប់អារម្មណ៍ ចង់ទាញយកសៀវភៅនេះ អាចរកបានជារూపសៀវភៅអេឡិចត្រូនិក (PDF) តាមរយៈគេហទំព័រផ្លូវការរបស់ក្រសួងអប់រំ យុវជន និងកីឡា។ សៀវភៅនេះជាវិធានដ៏មានតម្លៃសម្រាប់សិស្ស និងគ្រូបង្រៀន ក្នុងការផ្ដល់ និងទទួលនូវចំណេះដឹងភាសាខ្មែរដោយមានប្រសិទ្ធភាព។ |
| 650 ## - SUBJECT ADDED ENTRY--TOPICAL TERM | |
| Topical term or geographic name entry element | ភាសាខ្មែរ |
| 942 ## - ADDED ENTRY ELEMENTS (KOHA) | |
| Source of classification or shelving scheme | Dewey Decimal Classification |
| Koha item type | Khmer Books |
| Suppress in OPAC | No |
| Withdrawn status | Lost status | Source of classification or shelving scheme | Damaged status | Not for loan | Collection | Home library | Current library | Shelving location | Date acquired | Total Checkouts | Full call number | Barcode | Date last seen | Price effective from | Koha item type |
|---|---|---|---|---|---|---|---|---|---|---|---|---|---|---|---|
| Dewey Decimal Classification | Khmer Language Books / សៀវភៅភាសាខ្មែរ | Footprints International School Library Network Toul Tom Poung Campus | Footprints International School Library Network Toul Tom Poung Campus | TTP Secondary Khmer Bookshelves | 05/21/2025 | SOK 400 | FISSE02650 | 05/21/2025 | 05/21/2025 | Khmer Books |
